000 00744nam a2200229Ia 4500
003 OSt
005 20251118153129.0
008 220923b |||||||| |||| 00| 0 eng d
020 _a0754604209
037 _cGeneral Book
040 _aRTL
_cRTL
_beng
041 _2eng
_aeng
084 _aY:3(Q), P1
_qRTL
100 _aFenn, Richard K.
_972722
245 0 _aReturn of the primitive: a new sociological theory of religion
260 _aLondon
_bAshgate
_c2001
300 _avii,131p
_bIncludes bibliographical references and index.
490 _aTheology and Religion in Interdisciplinary Perspective
650 _aSociology of Religion
_9852085
942 _hY:3(Q), P1
_cGB
_2CC
_n0
999 _c561391
_d561391